ARRUPE JESUIT UNIVERSITY

CORONAVIRUS -STOP THE SPREAD - CLEAN,DISINFECT,COVER

The poverty of ideological education (Record no. 98779)

MARC details
000 -LEADER
fixed length control field 00718nam a2200253Ia 4500
003 - CONTROL NUMBER IDENTIFIER
control field 0100
008 - FIXED-LENGTH DATA ELEMENTS--GENERAL INFORMATION
fixed length control field 130307s9999 xx 000 0 und d
020 ## - INTERNATIONAL STANDARD BOOK NUMBER
International Standard Book Number 1565181646
040 ## - CATALOGING SOURCE
Transcribing agency ARRUPELIB
050 ## - LIBRARY OF CONGRESS CALL NUMBER
Classification number LA1131.T68 2002
300 ## - PHYSICAL DESCRIPTION
Other physical details 214 p. 23 cm.
100 ## - MAIN ENTRY--PERSONAL NAME
Personal name Tran, Van Doan
245 #4 - TITLE STATEMENT
Title The poverty of ideological education
260 ## - PUBLICATION, DISTRIBUTION, ETC. (IMPRINT)
Place of publication, distribution, etc Washington, D.C. :
260 ## - PUBLICATION, DISTRIBUTION, ETC. (IMPRINT)
Name of publisher, distributor, etc Council for Research in Values and Philosophy
260 ## - PUBLICATION, DISTRIBUTION, ETC. (IMPRINT)
Date of publication, distribution, etc c2000.
300 ## - PHYSICAL DESCRIPTION
Extent ix
440 ## - SERIES STATEMENT/ADDED ENTRY--TITLE
Title Cultural heritage and contemporary change. Series III, Asia ;v. 13
650 ## - SUBJECT ADDED ENTRY--TOPICAL TERM
Topical term or geographic name as entry element EDUCATION
650 ## - SUBJECT ADDED ENTRY--TOPICAL TERM
Topical term following geographic name as entry element Valles, Carlos G (Carlos Gonzales), 1925-
650 ## - SUBJECT ADDED ENTRY--TOPICAL TERM
Location of event Jesuits
650 ## - SUBJECT ADDED ENTRY--TOPICAL TERM
Active dates Monastic and religious life
942 00 - ADDED ENTRY ELEMENTS (KOHA)
Koha issues (borrowed), all copies 1
Holdings
Withdrawn status Lost status Source of classification or shelving scheme Damaged status Not for loan Collection code Home library Current library Shelving location Date acquired Total Checkouts Full call number Barcode Date last seen Date checked out Copy number Price effective from Koha item type
    Library of Congress Classification     Main Collection ARRUPE LIBRARY ARRUPE LIBRARY   07/03/2013 1 LA1131.T68 2002 46003077499 28/06/2018 20/01/2014 1 07/03/2013 Monograph ( Printed materials)

 

Arrupe Library. PO Box MP320 Mt Pleasant, Harare, Zimbabwe
263 242 745411|librarian@aju.ac.zw